000 00454nam a2200157Ia 4500
003 GCL
008 140319s9999 xx 000 0 eng d
040 _aGCL /
_cGCL
082 0 4 _a337
_bG R
100 1 _aGVITIAN,MANUEL
245 1 0 _aRULES AND DISCRETION IN INTERRATIONAL CONOMIC PALICY /
_cGVITIAN,MANUEL
260 _a[S.N] :
_bINTERNATIONAL MONETARY FUND ،
_c1992
300 _a52 P
650 0 4 _aINTERNATIONAL ECONOMIC RELATIONS
942 _2ddc
_cBK
999 _c22023
_d22023